000 00579nam a2200229Ia 4500
003 OSt
005 20220916111007.0
006 a|||||r|||| 00| 0
007 ta
008 220915b |||||||| |||| 00| 0 mal d
024 _a90,615
037 _cTextbook
040 _bmal
_aARTS
_cARTS
041 _amal
082 _aO32,1NPA,1, K0
100 _aMannummoodu C.J.
245 0 _aArabian kathakal
260 _c1962
650 _aMALAYALAM LITERATURE; MALAYALAM POETRY
942 _hO32,1NPA,1, K0
_cTB
_2CC
999 _c102903
_d102903